[Event "Bad Woerishofen op"]
[Site "?"]
[Date "2000.??.??"]
[Round "7"]
[White "Dryzek, Tadeusz"]
[Black "Potthammel, Joere"]
[Result "1/2-1/2"]
[WhiteElo "2183"]
[BlackElo "1907"]
[Annotator "ChessOrg"]
[PlyCount "119"]
[EventDate "2000.??.??"]
[Source "ChessBase"]
[SourceDate "1998.04.29"]

1. e4 c6 2. d4 d5 3. exd5 cxd5 4. c4 Nf6 5. Nc3 g6 6. Bf4 Bg7 7. Nf3 O-O 8. Qb3
dxc4 9. Bxc4 a6 10. d5 b5 11. Be2 e6 12. Rd1 exd5 13. Nxd5 Be6 14. Bg5 Qa5+ 15.
Qc3 Qxc3+ 16. Nxc3 b4 17. Na4 Bxa2 18. Ra1 Be6 19. O-O h6 20. Be3 Nbd7 21. Nc5
Rfc8 22. Nxe6 fxe6 23. Bxa6 Rc7 24. Bd3 Rxa1 25. Rxa1 Nd5 26. Ra8+ Kf7 27. b3
Nxe3 28. fxe3 Rc1+ 29. Kf2 Nc5 30. Ra7+ Kf8 31. Bc4 Rc2+ 32. Kg3 Bf6 33. Rc7 g5
34. h3 Ne4+ 35. Kh2 Nd6 36. Nd4 Be5+ 37. Kg1 Bxd4 38. exd4 Nxc4 39. bxc4 b3 40.
Rb7 b2 41. Kh2 Rxc4 42. Rxb2 Rxd4 43. Rb7 h5 44. Kg3 Rf4 45. Rb5 h4+ 46. Kh2
Rf5 47. Rb7 Rf7 48. Rb5 Rg7 49. g3 Kf7 50. Rb4 hxg3+ 51. Kxg3 Kf6 52. Kg4 Rh7
53. Kg3 Kf5 54. Rb1 Rh4 55. Rb8 Rc4 56. Rf8+ Kg6 57. Rg8+ Kf6 58. Rf8+ Kg7 59.
Ra8 Rf4 60. Rb8 1/2-1/2

[Event "Bad Woerishofen op"]
[Site "?"]
[Date "2000.??.??"]
[Round "9"]
[White "Dryzek, Tadeusz"]
[Black "Weigel, Herbert"]
[Result "1-0"]
[WhiteElo "2183"]
[BlackElo "2188"]
[Annotator "ChessOrg"]
[PlyCount "77"]
[EventDate "2000.??.??"]
[Source "ChessBase"]
[SourceDate "1998.04.29"]

1. e4 e5 2. Nf3 Nc6 3. Bb5 a6 4. Ba4 Nf6 5. O-O b5 6. Bb3 Bb7 7. c3 Nxe4 8. d4
exd4 9. Re1 d5 10. Ng5 Be7 11. Rxe4 O-O 12. Qh5 Bxg5 13. Bxg5 Qd6 14. Re1 Rae8
15. Nd2 dxc3 16. bxc3 Na5 17. Bc2 h6 18. Nf3 c5 19. Be3 d4 20. cxd4 cxd4 21.
Nxd4 Re5 22. Qh3 Rfe8 23. Nf3 Bxf3 24. Qxf3 Nc4 25. Bb3 Qe7 26. Bxc4 bxc4 27.
Qc6 Re4 28. Rac1 Qb4 29. Qxa6 f5 30. g3 f4 31. gxf4 Rxf4 32. Qc6 Rg4+ 33. Kh1
Rge4 34. Rg1 R8e6 35. Qc8+ Re8 36. Qd7 R8e7 37. Qd5+ Kh7 38. Qf5+ Kg8 39. Rcd1
1-0

[Event "Bad Woerishofen op"]
[Site "?"]
[Date "2000.??.??"]
[Round "1"]
[White "Elster, Welf"]
[Black "Moeckel, Edgar"]
[Result "0-1"]
[WhiteElo "1765"]
[BlackElo "2106"]
[Annotator "ChessOrg"]
[PlyCount "112"]
[EventDate "2000.??.??"]
[Source "ChessBase"]
[SourceDate "1998.04.29"]

1. d4 d5 2. c4 e6 3. Nc3 Nf6 4. a3 c6 5. e3 Nbd7 6. Nf3 a6 7. Bd2 Bd6 8. Bd3
O-O 9. Qc2 Re8 10. cxd5 exd5 11. O-O Qe7 12. Rae1 Ne4 13. h3 Ndf6 14. Nh2 Qc7
15. Nf3 h6 16. Bc1 Bf5 17. Nh4 Bh7 18. f4 Re7 19. Nf3 Rae8 20. Ne5 Nh5 21. Nxe4
Bxe4 22. Bxe4 dxe4 23. b4 Nf6 24. Bb2 Qc8 25. Qf2 Nd5 26. Qg3 Qf5 27. Qg4 Qxg4
28. Nxg4 f6 29. Rf2 h5 30. Nh2 Kh7 31. Nf1 h4 32. Rc2 f5 33. g4 hxg3 34. Nxg3
g6 35. h4 Rg7 36. Kf2 Rf8 37. Rh1 Kg8 38. Ne2 Rh7 39. Bc1 Be7 40. Kg3 Kf7 41.
Ng1 g5 42. fxg5 Bxg5 43. Rf2 Ke6 44. Re2 Rg8 45. Kf2 Bxh4+ 46. Kf1 Rhg7 47. Nh3
Bf6 48. Rg1 Rxg1+ 49. Nxg1 Rg3 50. Rh2 Nxe3+ 51. Kf2 f4 52. Bxe3 Rxe3 53. Ne2
Rf3+ 54. Kg2 Kf5 55. Rh7 Rxa3 56. Rxb7 f3+ 0-1

[Event "Bad Woerishofen op"]
[Site "?"]
[Date "2000.??.??"]
[Round "4"]
[White "Elster, Welf"]
[Black "Buesdorf, Konrad"]
[Result "0-1"]
[WhiteElo "1765"]
[BlackElo "1952"]
[Annotator "ChessOrg"]
[PlyCount "102"]
[EventDate "2000.??.??"]
[Source "ChessBase"]
[SourceDate "1998.04.29"]

1. Nf3 d5 2. d4 Nf6 3. c4 c6 4. Nc3 g6 5. e3 Bg7 6. h3 O-O 7. Bd3 Nbd7 8. O-O
Re8 9. cxd5 cxd5 10. Ne5 Nxe5 11. dxe5 Nd7 12. Nxd5 Nxe5 13. Bb5 Bd7 14. Bxd7
Nxd7 15. Bd2 e6 16. Nc3 Nc5 17. Qe2 Qd3 18. Rab1 Red8 19. Rfd1 Rd7 20. b4 Bxc3
21. Qxd3 Rxd3 22. Bxc3 Rxc3 23. bxc5 Rb8 24. Rd7 Rxc5 25. Rdxb7 Rxb7 26. Rxb7
a5 27. Ra7 Kg7 28. g4 Kf6 29. Kf1 h5 30. f3 Rc1+ 31. Ke2 Rc2+ 32. Kd3 Rxa2 33.
Kc4 hxg4 34. hxg4 Rf2 35. g5+ Kxg5 36. Rxa5+ f5 37. f4+ Kf6 38. Ra6 Rd2 39. Kc3
Rd1 40. Ra2 g5 41. fxg5+ Kxg5 42. Rg2+ Kf6 43. Rd2 Rxd2 44. Kxd2 Ke5 45. Kd3 f4
46. Ke2 Ke4 47. exf4 Kxf4 48. Kf2 e5 49. Ke2 Ke4 50. Kd2 Kf3 51. Ke1 Ke3 0-1

[Event "Bad Woerishofen op"]
[Site "?"]
[Date "2000.??.??"]
[Round "6"]
[White "Elster, Welf"]
[Black "Betz, Egon"]
[Result "1/2-1/2"]
[WhiteElo "1765"]
[BlackElo "1910"]
[Annotator "ChessOrg"]
[PlyCount "64"]
[EventDate "2000.??.??"]
[Source "ChessBase"]
[SourceDate "1998.04.29"]

1. d4 f5 2. g3 g6 3. Bg2 Nf6 4. c4 Bg7 5. Nc3 d6 6. Qb3 c6 7. Nf3 O-O 8. Bd2
Qe8 9. O-O Na6 10. Rfe1 Ne4 11. Be3 Nxc3 12. bxc3 Rb8 13. c5+ Kh8 14. cxd6 exd6
15. Bf4 Rf6 16. Nd2 b5 17. e4 Re6 18. Nf3 Rxe4 19. Rxe4 fxe4 20. Ng5 Rb7 21.
Nxe4 Re7 22. Ng5 d5 23. Nf3 Bf5 24. Be5 Nc7 25. Qa3 Ne6 26. Re1 Be4 27. Bxg7+
Kxg7 28. Ne5 Bxg2 29. Kxg2 Ng5 30. Qc1 Nf7 31. f4 Nd6 32. Re3 Nf5 1/2-1/2

[Event "Bad Woerishofen op"]
[Site "?"]
[Date "2000.??.??"]
[Round "8"]
[White "Elster, Welf"]
[Black "Ziebarth, Lothar"]
[Result "1/2-1/2"]
[WhiteElo "1765"]
[BlackElo "1692"]
[Annotator "ChessOrg"]
[PlyCount "24"]
[EventDate "2000.??.??"]
[Source "ChessBase"]
[SourceDate "1998.04.29"]

1. d4 d5 2. c4 Nf6 3. Nc3 e6 4. Bg5 Be7 5. e3 O-O 6. Nf3 b6 7. Bd3 h6 8. Bh4
Bb7 9. O-O Nbd7 10. h3 c5 11. cxd5 Nxd5 12. Bg3 cxd4 1/2-1/2

[Event "Bad Woerishofen op"]
[Site "?"]
[Date "2000.??.??"]
[Round "2"]
[White "Erler, Klaus-Juergen"]
[Black "Zoltek, Tadeusz"]
[Result "0-1"]
[WhiteElo "1750"]
[BlackElo "2289"]
[Annotator "ChessOrg"]
[PlyCount "76"]
[EventDate "2000.??.??"]
[Source "ChessBase"]
[SourceDate "1998.04.29"]

1. c4 e6 2. Nc3 d5 3. d4 Nf6 4. Bg5 Be7 5. e3 h6 6. Bh4 O-O 7. Nf3 b6 8. cxd5
Nxd5 9. Bxe7 Qxe7 10. Be2 Nxc3 11. bxc3 Bb7 12. O-O Nd7 13. Nd2 e5 14. e4 exd4
15. cxd4 Rad8 16. Qc2 Nf6 17. e5 Nd5 18. Rac1 Nf4 19. Bf3 c5 20. g3 Nh3+ 21.
Kg2 Ng5 22. Bxb7 Qxb7+ 23. f3 Rxd4 24. Nb3 Rd7 25. h4 Ne6 26. Rcd1 Rfd8 27.
Rxd7 Qxd7 28. Rf2 Qd3 29. Qb2 c4 30. Rd2 c3 31. Rxd3 cxb2 32. Rxd8+ Nxd8 33.
Nd2 Nc6 34. f4 b5 35. Kf2 Na5 36. Ke2 Nc4 37. Nb1 b4 38. Kd3 Na3 0-1

[Event "Bad Woerishofen op"]
[Site "?"]
[Date "2000.??.??"]
[Round "4"]
[White "Erler, Klaus-Juergen"]
[Black "Turboust, Roger"]
[Result "0-1"]
[WhiteElo "1750"]
[BlackElo "1870"]
[Annotator "ChessOrg"]
[PlyCount "76"]
[EventDate "2000.??.??"]
[Source "ChessBase"]
[SourceDate "1998.04.29"]

1. c4 e5 2. Nc3 c6 3. Nf3 d6 4. d4 f6 5. e4 Bg4 6. Be2 Na6 7. Be3 Ne7 8. h3 Bd7
9. a3 Ng6 10. Nh2 Be7 11. Bh5 Qc7 12. Qc2 O-O-O 13. O-O-O exd4 14. Rxd4 Ne5 15.
Be2 Nc5 16. f4 Qb6 17. b4 Ne6 18. c5 dxc5 19. Rd2 Nf7 20. Na4 Qc7 21. Nxc5 Bxc5
22. Bxc5 Nxc5 23. Qxc5 Kb8 24. g3 Bxh3 25. Rhd1 Rxd2 26. Rxd2 Bc8 27. Nf3 g5
28. Qe3 Re8 29. fxg5 fxg5 30. Nxg5 Nxg5 31. Qxg5 Rxe4 32. Bd1 Qf7 33. Kb2 a6
34. Qd8 Qg7+ 35. Ka2 Qxg3 36. Rd7 Re3 37. Qh8 Qf2+ 38. Kb1 Qf5+ 0-1

[Event "Bad Woerishofen op"]
[Site "?"]
[Date "2000.??.??"]
[Round "6"]
[White "Erler, Klaus-Juergen"]
[Black "Winkler, Hans"]
[Result "1-0"]
[WhiteElo "1750"]
[BlackElo "1600"]
[Annotator "ChessOrg"]
[PlyCount "113"]
[EventDate "2000.??.??"]
[Source "ChessBase"]
[SourceDate "1998.04.29"]

1. c4 Nf6 2. Nc3 c5 3. Nf3 g6 4. d4 cxd4 5. Nxd4 Nc6 6. b3 Bg7 7. e3 O-O 8. Bb2
Re8 9. Be2 a6 10. O-O e5 11. Nf3 e4 12. Nd4 d5 13. Qc2 Nb4 14. Qd2 dxc4 15.
Bxc4 b5 16. Be2 Nbd5 17. Nxd5 Qxd5 18. Rfd1 Bb7 19. a4 bxa4 20. Bc4 Qh5 21.
bxa4 Bc8 22. Be2 Qg5 23. Rdc1 Bh3 24. Bf1 Nd7 25. f4 exf3 26. Nxf3 Qxe3+ 27.
Qxe3 Rxe3 28. Bxg7 Kxg7 29. Kf2 Rxf3+ 30. Kxf3 Be6 31. Kf2 Ra7 32. a5 Ne5 33.
Rc3 Ng4+ 34. Kg1 Nf6 35. Rc6 Nd5 36. Rxa6 Rc7 37. Ra8 Nb4 38. a6 Bd5 39. Rb8
Nc6 40. Rb7 Rc8 41. a7 Ra8 42. Rc7 Nd8 43. g3 Nc6 44. Bg2 Bxg2 45. Kxg2 Nxa7
46. Raxa7 Rf8 47. h4 h5 48. Kf3 Kf6 49. Kf4 Ke6 50. Ra6+ Kd5 51. Re7 f6 52. Rb7
g5+ 53. hxg5 fxg5+ 54. Kxg5 Rf3 55. Kh4 Rf1 56. Kxh5 Rg1 57. g4 1-0

[Event "Bad Woerishofen op"]
[Site "?"]
[Date "2000.??.??"]
[Round "8"]
[White "Erler, Klaus-Juergen"]
[Black "Schoen, Siegfried"]
[Result "1/2-1/2"]
[WhiteElo "1750"]
[BlackElo "1551"]
[Annotator "ChessOrg"]
[PlyCount "36"]
[EventDate "2000.??.??"]
[Source "ChessBase"]
[SourceDate "1998.04.29"]

1. c4 e5 2. Nc3 Bb4 3. Nf3 Bxc3 4. dxc3 Nc6 5. e4 d6 6. h3 h6 7. Be3 Nf6 8. Bd3
b6 9. O-O Be6 10. c5 O-O 11. cxd6 cxd6 12. Qa4 Qc7 13. Rad1 Na5 14. Nd2 d5 15.
Rc1 dxe4 16. Nxe4 Nxe4 17. Bxe4 Rac8 18. f4 Nc4 1/2-1/2

[Event "Bad Woerishofen op"]
[Site "?"]
[Date "2000.??.??"]
[Round "2"]
[White "Escher, Helmut"]
[Black "Borchert, Reinhard"]
[Result "0-1"]
[WhiteElo "2050"]
[BlackElo "1840"]
[Annotator "ChessOrg"]
[PlyCount "91"]
[EventDate "2000.??.??"]
[Source "ChessBase"]
[SourceDate "1998.04.29"]

1. d4 Nf6 2. c4 e6 3. Nc3 d5 4. e3 c6 5. Nf3 Bb4 6. Bd2 O-O 7. a3 Bd6 8. Bd3
Nbd7 9. O-O Re8 10. Qc2 h6 11. b4 a6 12. Rfe1 dxc4 13. Bxc4 e5 14. dxe5 Nxe5
15. Be2 Nxf3+ 16. Bxf3 Bg4 17. Bxg4 Nxg4 18. h3 Nf6 19. Rad1 Qe7 20. Ne2 Ne4
21. Nc3 Nf6 22. g3 Rad8 23. Bc1 Qe6 24. Kg2 Bc7 25. Ne2 Qe4+ 26. Qxe4 Nxe4 27.
Bb2 Rxd1 28. Rxd1 Rd8 29. Bd4 a5 30. f3 axb4 31. axb4 Nd6 32. g4 Nb5 33. f4 g6
34. Kf2 f5 35. Kf3 Kf7 36. Rg1 fxg4+ 37. hxg4 Bd6 38. Rb1 Ra8 39. Bc5 Ke6 40.
Ke4 Bxc5 41. bxc5 Ra4+ 42. Kf3 Kd5 43. Rh1 Ra8 44. Rxh6 Rg8 45. Rh7 Kxc5 46.
Rxb7 0-1

[Event "Bad Woerishofen op"]
[Site "?"]
[Date "2000.??.??"]
[Round "4"]
[White "Escher, Helmut"]
[Black "Meyer, Walter"]
[Result "1/2-1/2"]
[WhiteElo "2050"]
[BlackElo "1777"]
[Annotator "ChessOrg"]
[PlyCount "71"]
[EventDate "2000.??.??"]
[Source "ChessBase"]
[SourceDate "1998.04.29"]

1. d4 Nf6 2. c4 e6 3. Nc3 d5 4. e3 c5 5. dxc5 Bxc5 6. cxd5 Nxd5 7. Nxd5 Qxd5 8.
Qxd5 exd5 9. Bd2 O-O 10. Bc3 Nc6 11. O-O-O Be6 12. Kb1 Nb4 13. Bxb4 Bxb4 14.
Nf3 Rac8 15. Nd4 h5 16. Bd3 Bc5 17. Bb5 Bxd4 18. Rxd4 Rc5 19. a4 g6 20. Rhd1
Rfc8 21. Be2 Rc2 22. R4d2 R2c5 23. h3 a5 24. g4 hxg4 25. hxg4 Kg7 26. Rh1 Rh8
27. Rxh8 Kxh8 28. Rd4 Kg7 29. b4 axb4 30. Rxb4 Rc7 31. Rd4 Rc5 32. Kb2 Kf8 33.
Bd1 Ke7 34. g5 Kd6 35. Bb3 Ke7 36. Rd1 1/2-1/2

[Event "Bad Woerishofen op"]
[Site "?"]
[Date "2000.??.??"]
[Round "6"]
[White "Escher, Helmut"]
[Black "Barlo, Werner"]
[Result "0-1"]
[WhiteElo "2050"]
[BlackElo "1705"]
[Annotator "ChessOrg"]
[PlyCount "52"]
[EventDate "2000.??.??"]
[Source "ChessBase"]
[SourceDate "1998.04.29"]

1. d4 d6 2. c4 g6 3. g3 Bg7 4. Bg2 Nf6 5. Nc3 c6 6. e4 O-O 7. Nge2 Nbd7 8. O-O
e5 9. d5 cxd5 10. Nxd5 Nxd5 11. Qxd5 Nb6 12. Qd3 Be6 13. b3 Qc7 14. Ba3 Rfd8
15. Rad1 Bf8 16. Kh1 a5 17. Nc3 a4 18. Nb5 Qc6 19. Bxd6 axb3 20. axb3 Nxc4 21.
bxc4 Bxc4 22. Qb1 Qxb5 23. Bxf8 Bxf1 24. Bxf1 Qxb1 25. Rxb1 Kxf8 26. Rxb7 Rd4
0-1

[Event "Bad Woerishofen op"]
[Site "?"]
[Date "2000.??.??"]
[Round "8"]
[White "Escher, Helmut"]
[Black "Wulf, Adalbert"]
[Result "1-0"]
[WhiteElo "2050"]
[BlackElo "1790"]
[Annotator "ChessOrg"]
[PlyCount "82"]
[EventDate "2000.??.??"]
[Source "ChessBase"]
[SourceDate "1998.04.29"]

1. d4 Nf6 2. c4 e5 3. dxe5 Ne4 4. Nf3 Bb4+ 5. Bd2 Nxd2 6. Nbxd2 Nc6 7. a3 Bxd2+
8. Qxd2 Qe7 9. e3 Nxe5 10. Be2 Nxf3+ 11. Bxf3 O-O 12. O-O a5 13. g3 Ra6 14.
Rfe1 Rf6 15. Bg2 b6 16. Rac1 d6 17. b4 axb4 18. axb4 Rh6 19. Bd5 Kh8 20. Qd4
Qg5 21. Qf4 Qe7 22. h4 f5 23. Ra1 Be6 24. Ra7 Bxd5 25. cxd5 Rg6 26. Rc1 Rg4 27.
Rcxc7 Qf6 28. Qf3 Rg8 29. Rf7 Qc3 30. Rxf5 Rc4 31. Ra8 Rcc8 32. Rxc8 Qxc8 33.
Qf4 h6 34. Rf7 Qe8 35. Kh2 b5 36. g4 Qd8 37. g5 h5 38. Qe4 Rf8 39. g6 Re8 40.
Qf4 Kg8 41. Kg3 Rf8 1-0

[Event "Bad Woerishofen op"]
[Site "?"]
[Date "2000.??.??"]
[Round "2"]
[White "Fehres, Werner"]
[Black "Dinser, Hans"]
[Result "1/2-1/2"]
[WhiteElo "1806"]
[BlackElo "1939"]
[Annotator "ChessOrg"]
[PlyCount "89"]
[EventDate "2000.??.??"]
[Source "ChessBase"]
[SourceDate "1998.04.29"]

1. e4 c5 2. f4 d5 3. e5 Nc6 4. Nf3 g6 5. c3 e6 6. Na3 a6 7. Nc2 Bd7 8. d4 Nh6
9. Be3 Nf5 10. Bf2 cxd4 11. Nfxd4 Ncxd4 12. Nxd4 Bc5 13. Nxf5 Bxf2+ 14. Kxf2
gxf5 15. Qd4 Rc8 16. h4 Rg8 17. g3 Qc7 18. Rc1 Qa5 19. a3 Bb5 20. Bg2 Bc4 21.
Rhe1 Kf8 22. Bf3 Qb5 23. Qd2 Qb6+ 24. Kg2 a5 25. b4 axb4 26. axb4 Ra8 27. Kh3
Ke7 28. Rc2 Ra3 29. Re3 Rga8 30. g4 Ra2 31. Rxa2 Rxa2 32. Qc1 fxg4+ 33. Bxg4
Bf1+ 34. Kg3 Bd3 35. Qe1 Be4 36. Bf3 Bf5 37. Re2 Rxe2 38. Qxe2 Qg1+ 39. Bg2 Be4
40. Qf2 Qxg2+ 41. Qxg2 Bxg2 42. Kxg2 f5 43. Kf3 Kd7 44. Ke3 Kc6 45. Kd4 1/2-1/2

[Event "Bad Woerishofen op"]
[Site "?"]
[Date "2000.??.??"]
[Round "4"]
[White "Fehres, Werner"]
[Black "Richter, Gerhard"]
[Result "1/2-1/2"]
[WhiteElo "1806"]
[BlackElo "1926"]
[Annotator "ChessOrg"]
[PlyCount "37"]
[EventDate "2000.??.??"]
[Source "ChessBase"]
[SourceDate "1998.04.29"]

1. e4 c6 2. f4 d6 3. Nf3 Nf6 4. d3 g6 5. Be3 Bg7 6. c3 Nbd7 7. Qd2 h5 8. Na3 a6
9. Nc2 b5 10. Be2 Bb7 11. Ng5 e6 12. Bf3 Qc7 13. g3 c5 14. Qg2 e5 15. h3 Nb6
16. Rd1 Na4 17. Bc1 O-O-O 18. O-O Nh7 19. fxe5 1/2-1/2

[Event "Bad Woerishofen op"]
[Site "?"]
[Date "2000.??.??"]
[Round "8"]
[White "Fehres, Werner"]
[Black "Schurig, Wilhelm"]
[Result "1-0"]
[WhiteElo "1806"]
[BlackElo "2150"]
[Annotator "ChessOrg"]
[PlyCount "95"]
[EventDate "2000.??.??"]
[Source "ChessBase"]
[SourceDate "1998.04.29"]

1. e4 g6 2. d4 Bg7 3. f4 c6 4. Nf3 d5 5. e5 Bg4 6. Be2 e6 7. c3 Bxf3 8. Bxf3 h5
9. Na3 Bf8 10. Nc2 Nh6 11. Be3 Nd7 12. O-O Nf5 13. Bf2 c5 14. Qd2 Qb6 15. dxc5
Bxc5 16. Nd4 Nxd4 17. cxd4 Bb4 18. Qe3 Qa5 19. Rfd1 O-O 20. a3 Be7 21. Be1 Qb6
22. f5 exf5 23. Bxd5 Nc5 24. Bb4 f4 25. dxc5 fxe3 26. cxb6 Bxb4 27. axb4 axb6
28. Rxa8 Rxa8 29. Kf1 Re8 30. Ke2 Rxe5 31. Bxb7 f5 32. Rd6 Kg7 33. h4 f4 34.
Rxb6 g5 35. hxg5 Rxg5 36. Bf3 h4 37. Rc6 Rg3 38. Rc4 h3 39. gxh3 Rxh3 40. Rxf4
Rh2+ 41. Kxe3 Rxb2 42. Be2 Kg6 43. Bd3+ Kg5 44. Rc4 Rh2 45. Be4 Ra2 46. Kd3 Rb2
47. Kc3 Rh2 48. b5 1-0

[Event "Bad Woerishofen op"]
[Site "?"]
[Date "2000.??.??"]
[Round "9"]
[White "Fehres, Werner"]
[Black "Delander, Adolf"]
[Result "0-1"]
[WhiteElo "1806"]
[BlackElo "2327"]
[Annotator "ChessOrg"]
[PlyCount "64"]
[EventDate "2000.??.??"]
[Source "ChessBase"]
[SourceDate "1998.04.29"]

1. e4 c6 2. d4 d5 3. e5 Bf5 4. Bd3 Bxd3 5. Qxd3 e6 6. Ne2 Qa5+ 7. Bd2 Qa6 8.
Qe3 Ne7 9. O-O Nf5 10. Qf3 c5 11. dxc5 Nc6 12. Nf4 Ncd4 13. Qd1 Bxc5 14. Nd3
Be7 15. Kh1 Rc8 16. Nc3 O-O 17. a3 Nb3 18. Rb1 Nxd2 19. Qxd2 Qc4 20. Rfc1 Bxa3
21. Nxd5 Qxd5 22. bxa3 b6 23. Qe1 Rc4 24. Rb4 Rfc8 25. Nf4 Qa5 26. Nd3 Rxc2 27.
Rxc2 Rxc2 28. Qb1 Rc8 29. Rb3 h6 30. h3 Qd5 31. Kh2 Rd8 32. f4 Ne3 0-1

[Event "Bad Woerishofen op"]
[Site "?"]
[Date "2000.??.??"]
[Round "2"]
[White "Fels, Karl-Heinz"]
[Black "Schampel, Arno"]
[Result "1-0"]
[WhiteElo "1927"]
[BlackElo "1807"]
[Annotator "ChessOrg"]
[PlyCount "81"]
[EventDate "2000.??.??"]
[Source "ChessBase"]
[SourceDate "1998.04.29"]

1. e4 c5 2. Nf3 d6 3. d4 cxd4 4. Nxd4 Nf6 5. Nc3 a6 6. Bg5 e6 7. f4 Be7 8. Qf3
Qc7 9. O-O-O Nc6 10. Nb3 Bd7 11. g4 Rc8 12. Kb1 b5 13. Bd3 Nb4 14. Rc1 Nxd3 15.
cxd3 Qb8 16. f5 b4 17. Ne2 Rxc1+ 18. Rxc1 e5 19. h4 h6 20. Be3 Bb5 21. Bf2 Nd7
22. d4 Qa8 23. Na5 Bd8 24. Nc4 Bxc4 25. Rxc4 a5 26. d5 O-O 27. Rc6 Qb8 28. Qd3
Bc7 29. g5 h5 30. Ng3 g6 31. Qf3 f6 32. fxg6 fxg5 33. Qxh5 Nf6 34. Qh6 Bd8 35.
hxg5 Qb7 36. gxf6 Bxf6 37. Nf5 Bh8 38. Bb6 Rxf5 39. exf5 Bg7 40. Qh7+ Kf8 41.
Rc7 1-0

[Event "Bad Woerishofen op"]
[Site "?"]
[Date "2000.??.??"]
[Round "5"]
[White "Fels, Karl-Heinz"]
[Black "Walther, Diethelm"]
[Result "0-1"]
[WhiteElo "1927"]
[BlackElo "2069"]
[Annotator "ChessOrg"]
[PlyCount "76"]
[EventDate "2000.??.??"]
[Source "ChessBase"]
[SourceDate "1998.04.29"]

1. e4 c5 2. Nf3 Nc6 3. d4 cxd4 4. Nxd4 g6 5. Nc3 Bg7 6. Be3 Nf6 7. Bc4 Qa5 8.
O-O Qb4 9. Bb3 Nxe4 10. Nd5 Qa5 11. Nb5 O-O 12. Qd3 Nf6 13. Bd2 Qd8 14. c4 d6
15. Rfe1 a6 16. Nbc3 Be6 17. Rad1 Rc8 18. f4 Re8 19. h3 Bf5 20. Qf1 h5 21. Be3
Nd7 22. Qf2 Kf8 23. c5 e6 24. Nb6 Nxb6 25. cxb6 Kg8 26. Bc5 d5 27. Ba4 Qd7 28.
Kh2 Rcd8 29. Qf3 Qc8 30. g4 hxg4 31. hxg4 Bxc3 32. bxc3 Be4 33. Qf2 e5 34. Qh4
Kg7 35. Kg3 Rh8 36. Qxh8+ Rxh8 37. Be3 Qd8 38. g5 Qd7 0-1

[Event "Bad Woerishofen op"]
[Site "?"]
[Date "2000.??.??"]
[Round "6"]
[White "Fels, Karl-Heinz"]
[Black "Ziltener, Werner"]
[Result "0-1"]
[WhiteElo "1927"]
[BlackElo "1984"]
[Annotator "ChessOrg"]
[PlyCount "96"]
[EventDate "2000.??.??"]
[Source "ChessBase"]
[SourceDate "1998.04.29"]

1. e4 e5 2. Nf3 Nc6 3. Bb5 Nf6 4. O-O Bc5 5. c3 O-O 6. d4 Bb6 7. d5 Ne7 8. Bd3
d6 9. h3 Ng6 10. b4 Qe7 11. a4 a6 12. Na3 Nh5 13. Nc4 Ba7 14. Be3 Bxe3 15. fxe3
Ng3 16. Rf2 f5 17. exf5 Bxf5 18. Bxf5 Rxf5 19. Qc2 Raf8 20. e4 Rf4 21. Ncd2 Nh4
22. Re1 Qf6 23. Kh2 Nxf3+ 24. Rxf3 Rxf3 25. Nxf3 Qf4 26. Kg1 h6 27. Qd3 g5 28.
Qe3 Nh5 29. a5 Qg3 30. Qf2 Rxf3 31. Qxf3 Qxe1+ 32. Kh2 Ng7 33. Qd3 Qf2 34. Qc4
Qf4+ 35. Kg1 Ne8 36. b5 Qe3+ 37. Kh2 Qc5 38. Qe2 axb5 39. Qh5 Kf8 40. Qxh6+ Ng7
41. Qf6+ Kg8 42. Qd8+ Kf7 43. Qc8 Qxc3 44. Qd7+ Kg6 45. Qxb5 Kf6 46. Qxb7 Qxa5
47. Qb1 Qd2 48. Qf1+ Qf4+ 0-1

[Event "Bad Woerishofen op"]
[Site "?"]
[Date "2000.??.??"]
[Round "8"]
[White "Fels, Karl-Heinz"]
[Black "Dryzek, Tadeusz"]
[Result "0-1"]
[WhiteElo "1927"]
[BlackElo "2183"]
[Annotator "ChessOrg"]
[PlyCount "86"]
[EventDate "2000.??.??"]
[Source "ChessBase"]
[SourceDate "1998.04.29"]

1. e4 c5 2. Nf3 d6 3. d4 cxd4 4. Nxd4 Nf6 5. Nc3 a6 6. Bg5 e6 7. f4 Nbd7 8. Qf3
Qc7 9. O-O-O Be7 10. g4 b5 11. Bxf6 gxf6 12. f5 Ne5 13. Qh3 Bd7 14. fxe6 fxe6
15. Qh5+ Kd8 16. Kb1 Qb6 17. Nce2 Ng6 18. Bg2 Rc8 19. Rhf1 Qc5 20. Qxc5 Rxc5
21. Nb3 Rg5 22. Bf3 Nh4 23. h3 h5 24. gxh5 Nxf3 25. Rxf3 Rgxh5 26. Ng1 e5 27.
Rdd3 Ke8 28. Rg3 Rh4 29. Nd2 Bc6 30. Rde3 d5 31. Rc3 Kd7 32. exd5 Bxd5 33. Ndf3
R4h7 34. a3 b4 35. axb4 Bxb4 36. Rd3 Ke6 37. Rd1 Bc5 38. b3 a5 39. Kb2 a4 40.
c4 Bc6 41. bxa4 Rb7+ 42. Kc3 Bb4+ 43. Kb2 Be1+ 0-1

[Event "Bad Woerishofen op"]
[Site "?"]
[Date "2000.??.??"]
[Round "1"]
[White "Finzer, Lothar"]
[Black "Jacobsen, Waldfried"]
[Result "1-0"]
[WhiteElo "1800"]
[BlackElo "1057"]
[Annotator "ChessOrg"]
[PlyCount "61"]
[EventDate "2000.??.??"]
[Source "ChessBase"]
[SourceDate "1998.04.29"]

1. d4 d5 2. c4 Nf6 3. cxd5 Nxd5 4. e4 Nb6 5. h3 h6 6. Nf3 g6 7. Bd3 Bg7 8. O-O
Bxd4 9. Nxd4 a6 10. Nc3 h5 11. Nf3 O-O 12. Qc2 Kg7 13. Be3 c6 14. Rad1 Be6 15.
Ng5 Qc7 16. b3 N8d7 17. Qd2 Rh8 18. Bd4+ Ne5 19. f4 Qc8 20. Bxe5+ f6 21. Bd4 c5
22. Nxe6+ Qxe6 23. Bxc5 Nd7 24. Bc4 Qc6 25. Bxe7 Nb6 26. Bd5 Qd7 27. Bxf6+ Kh6
28. f5+ Kh7 29. fxg6+ Kxg6 30. Qg5+ Kh7 31. Qxh5# 1-0

[Event "Bad Woerishofen op"]
[Site "?"]
[Date "2000.??.??"]
[Round "3"]
[White "Finzer, Lothar"]
[Black "Ziegler, Heinz"]
[Result "1-0"]
[WhiteElo "1800"]
[BlackElo "1500"]
[Annotator "ChessOrg"]
[PlyCount "115"]
[EventDate "2000.??.??"]
[Source "ChessBase"]
[SourceDate "1998.04.29"]

1. d4 d5 2. c4 dxc4 3. e4 e6 4. Bxc4 Be7 5. Nf3 Nf6 6. Nc3 c6 7. O-O O-O 8. Qc2
Nbd7 9. Bd3 h6 10. h3 Re8 11. Be3 Nf8 12. Rad1 Bb4 13. a3 Bxc3 14. bxc3 Qc7 15.
Ne5 N6d7 16. Nxd7 Bxd7 17. e5 Rac8 18. Qe2 Qd8 19. f4 f5 20. Qa2 Kh8 21. c4 b6
22. d5 cxd5 23. cxd5 exd5 24. Qxd5 Be6 25. Qf3 Qe7 26. Bb5 Red8 27. a4 Rc3 28.
Rxd8 Qxd8 29. Rd1 Qc8 30. Qe2 Rc2 31. Qf1 Kh7 32. Rc1 Rxc1 33. Qxc1 Qxc1+ 34.
Bxc1 Ng6 35. g3 Ne7 36. Ba3 Nd5 37. h4 Bc8 38. Bd6 Nc3 39. Be8 Kg8 40. h5 a6
41. Kg2 b5 42. axb5 axb5 43. Bc6 Be6 44. Kf3 Kf7 45. Ke3 b4 46. Kd3 Na2 47. Kc2
Nc3 48. Bxb4 Ne2 49. Kd2 Nxg3 50. Bf3 g6 51. hxg6+ Kxg6 52. Ke3 Nh5 53. Bf8 Ng7
54. Bxg7 Kxg7 55. Kd4 Kf7 56. Bd5 h5 57. Bxe6+ Kxe6 58. Ke3 1-0

[Event "Bad Woerishofen op"]
[Site "?"]
[Date "2000.??.??"]
[Round "5"]
[White "Finzer, Lothar"]
[Black "Spaethe, Erwin"]
[Result "1/2-1/2"]
[WhiteElo "1800"]
[BlackElo "1690"]
[Annotator "ChessOrg"]
[PlyCount "40"]
[EventDate "2000.??.??"]
[Source "ChessBase"]
[SourceDate "1998.04.29"]

1. d4 Nf6 2. c4 g6 3. Nc3 Bg7 4. e4 d6 5. Bd3 O-O 6. Nge2 e5 7. Bg5 h6 8. Bh4
Nc6 9. d5 Ne7 10. O-O g5 11. Bg3 Nh5 12. f3 Nxg3 13. Nxg3 f5 14. exf5 Bxf5 15.
Nxf5 Nxf5 16. Bxf5 Rxf5 17. Ne4 Qe7 18. Qc2 Raf8 19. Rad1 b6 20. h3 Rf4 1/2-1/2